A song for the stars / (Record no. 243041)
[ view plain ]
| 000 -LEADER | |
|---|---|
| fixed length control field | 01805pam a2200481 i 4500 |
| 001 - CONTROL NUMBER | |
| control field | 2835888 |
| 005 - DATE AND TIME OF LATEST TRANSACTION | |
| control field | 20220215130842.0 |
| 008 - FIXED-LENGTH DATA ELEMENTS--GENERAL INFORMATION | |
| fixed length control field | 180619s2019 utu 000 1 eng c |
| 010 ## - LIBRARY OF CONGRESS CONTROL NUMBER | |
| LC control number | 2018029474 |
| 020 ## - INTERNATIONAL STANDARD BOOK NUMBER | |
| International Standard Book Number | 9781629725284 (paperbound) : |
| Terms of availability | $15.99 |
| 020 ## - INTERNATIONAL STANDARD BOOK NUMBER | |
| International Standard Book Number | 1629725285 : |
| Terms of availability | $15.99 |
| 035 ## - SYSTEM CONTROL NUMBER | |
| System control number | (OCoLC)1045639651 |
| 035 ## - SYSTEM CONTROL NUMBER | |
| System control number | (OCoLC)on1045639651 |
| 035 ## - SYSTEM CONTROL NUMBER | |
| System control number | 2809847 |
| 040 ## - CATALOGING SOURCE | |
| Original cataloging agency | UPB/DLC |
| Language of cataloging | eng |
| Description conventions | rda |
| Transcribing agency | UPB |
| Modifying agency | DLC |
| 042 ## - AUTHENTICATION CODE | |
| Authentication code | pcc |
| 043 ## - GEOGRAPHIC AREA CODE | |
| Geographic area code | n-us-hi |
| 049 ## - LOCAL HOLDINGS (OCLC) | |
| Holding library | IGAA |
| 050 00 - LIBRARY OF CONGRESS CALL NUMBER | |
| Classification number | PS3620.O3175 |
| Item number | S66 2019 |
| 082 00 - DEWEY DECIMAL CLASSIFICATION NUMBER | |
| Classification number | 813/.6 |
| Edition number | 23 |
| 092 ## - LOCALLY ASSIGNED DEWEY CALL NUMBER (OCLC) | |
| Classification number | F |
| 999 ## - SYSTEM CONTROL NUMBERS (KOHA) | |
| Koha Dewey Subclass [OBSOLETE] | F |
| 100 1# - MAIN ENTRY--PERSONAL NAME | |
| Personal name | Todd, Ilima, |
| Relator term | author. |
| 9 (RLIN) | 6030494 |
| 245 12 - TITLE STATEMENT | |
| Title | A song for the stars / |
| Statement of responsibility, etc | Ilima Todd. |
| 264 #1 - Production, Publication, Distribution, Manufacture, and Copyright Notice. | |
| Place of production, publication, distribution, manufacture | Salt Lake City, Utah : |
| Name of producer, publisher, distributor, manufacturer | Shadow Mountain, |
| Date of production, publication, distribution, manufacture, or copyr | [2019] |
| 300 ## - PHYSICAL DESCRIPTION | |
| Extent | 296 pages ; |
| Dimensions | 22 cm. |
| 336 ## - Content Type | |
| Content type term | text |
| 337 ## - Media type | |
| Media type term | unmediated |
| 338 ## - Carrier type | |
| Carrier type term | volume |
| 490 1# - SERIES STATEMENT | |
| Series statement | Proper romance |
| 520 ## - SUMMARY, ETC. | |
| Summary, etc | Seventeen-year-old Maile falls in love with Englishman John Harbottle, the navigator for Captain James Cook when they arrive in the Sandwich Islands. The two cultures clash after the death of Captain Cook in 1779, and Maile is forced to make an impossible decision: save John or save her people. |
| 650 #0 - SUBJECT ADDED ENTRY--TOPICAL TERM | |
| Topical term or geographic name as entry element | Hawaiian women |
| Form subdivision | Fiction. |
| 9 (RLIN) | 6440765 |
| 650 #0 - SUBJECT ADDED ENTRY--TOPICAL TERM | |
| Topical term or geographic name as entry element | Sailors |
| Form subdivision | Fiction. |
| 9 (RLIN) | 5771024 |
| 650 #0 - SUBJECT ADDED ENTRY--TOPICAL TERM | |
| Topical term or geographic name as entry element | Culture conflict |
| Form subdivision | Fiction. |
| 9 (RLIN) | 5691512 |
| 650 #7 - SUBJECT ADDED ENTRY--TOPICAL TERM | |
| Topical term or geographic name as entry element | FICTION / Cultural Heritage |
| Source of heading or term | bisacsh |
| 9 (RLIN) | 5720030 |
| 650 #7 - SUBJECT ADDED ENTRY--TOPICAL TERM | |
| Topical term or geographic name as entry element | FICTION / Romance / Clean & Wholesome |
| Source of heading or term | bisacsh |
| 9 (RLIN) | 5729865 |
| 650 #7 - SUBJECT ADDED ENTRY--TOPICAL TERM | |
| Topical term or geographic name as entry element | FICTION / Romance / Historical / General. |
| Source of heading or term | bisacsh |
| 9 (RLIN) | 5961427 |
| 651 #0 - SUBJECT ADDED ENTRY--GEOGRAPHIC NAME | |
| Geographic name | Hawaii |
| General subdivision | History |
| Chronological subdivision | To 1893 |
| Form subdivision | Fiction. |
| 9 (RLIN) | 6440766 |
| 655 #7 - INDEX TERM--GENRE/FORM | |
| Genre/form data or focus term | Love stories. |
| Source of term | gsafd |
| 655 #7 - INDEX TERM--GENRE/FORM | |
| Genre/form data or focus term | Historical fiction. |
| Source of term | gsafd |
| 830 #0 - SERIES ADDED ENTRY--UNIFORM TITLE | |
| Uniform title | Proper romance. |
| 9 (RLIN) | 5675977 |
| 942 ## - ADDED ENTRY ELEMENTS (KOHA) | |
| Source of classification or shelving scheme | Dewey Decimal Classification |
| Koha item type | BOOK |
| Withdrawn status | Lost status | Source of classification or shelving scheme | Damaged status | Not for loan | Collection code | Home library | Current library | Shelving location | Date acquired | Source of acquisition | Cost, normal purchase price | Total Checkouts | Total Renewals | Full call number | Barcode | Date last seen | Date checked out | Cost, replacement price | Price effective from | Koha item type |
|---|---|---|---|---|---|---|---|---|---|---|---|---|---|---|---|---|---|---|---|---|
| Dewey Decimal Classification | Adult Fiction LDS | Wasatch County Library | Wasatch County Library | First Floor | 07/16/2019 | 15.99 | 28 | 17 | F LDS Tod | 34301001592791 | 01/05/2026 | 11/26/2025 | 15.99 | 03/20/2020 | BOOK |
